| 000 | 01008cam a2200289 a 4500 | ||
|---|---|---|---|
| 003 | CHAP | ||
| 005 | 20220817043423.0 | ||
| 008 | 980313d1996 ii a r 00010 eng d | ||
| 010 | _a74921 | ||
| 011 | _a75893 | ||
| 035 | _a85466 | ||
| 040 | _cCHAP | ||
| 090 | _aFolleto 14959 | ||
| 110 | 2 | _aInternational Center for Agricultural Research in the Dry Areas | |
| 245 | 1 | 0 |
_aBiodiversity : _ba key to food security _c/by International Center for Agricultural Research in the Dry Areas |
| 260 |
_aAleppo, Syria : _bInternational Center for Agricultural Research in the Dry Areas, _c1996. |
||
| 300 |
_a18 p. : _bilus. |
||
| 590 |
_aBATCH-UPD _b10 _c20130110 _lUCH01 _h1636 |
||
| 590 |
_aCONVERSION _b10 _c20130109 _lUCH01 _h1341 |
||
| 650 | 1 | 4 |
_aAlimentos _xAbastecimiento. |
| 650 | 1 | 4 |
_aBiodiversidad. _912724 |
| 901 | _aBK | ||
| 905 | _aAlejandra Carrasco M. | ||
| 942 | _cFOLL | ||
| 949 |
_aFolleto 14959 _bBC _cFOLL _d854661 _eTS1 _i85466 _sb |
||
| 949 |
_aFolleto 14959 _bBC _cFOLL _d854662 _eTS2 _fc.2 _i85466 _sb |
||
| 999 |
_c74921 _d74921 |
||